Geography Quiz

Random Geography or City Quiz

First Letters of Canadian Cities Quiz Stats

 Plays Quiz Updated Oct 27, 2019

Score 0/23 Timer 03:00
23 Plays Today
% Correct
T
98.7%
V
98.5%
M
98.4%
Q
98.4%
O
98.3%
E
98.2%
W
98%
Y
97.7%
C
97.4%
P
97.2%
R
97.1%
K
96.9%
% Correct
A
96.8%
H
96.6%
D
93.5%
S
92.8%
F
91.8%
I
91.3%
J
82.9%
B
80%
G
79%
L
60.5%
N
60.1%

You're not logged in!

Compare scores with friends on all Sporcle quizzes.
OR
Log In

Sporcle TV

Today on Sporcle TV


Watch our educational content, quiz creation guides, and fun videos on Sporcle TV.

Show Comments

Extras

Top Quizzes Today


Score Distribution

Your Account Isn't Verified!

In order to create a playlist on Sporcle, you need to verify the email address you used during registration. Go to your Sporcle Settings to finish the process.

Report this User

Report this user for behavior that violates our Community Guidelines.

Details: